[Event "GER-ch U16 Girls"]
[Site "Willingen"]
[Date "2023.05.28"]
[Round "2"]
[White "Petrosyan, Ani"]
[Black "Rotaermel, Leonie"]
[Result "1-0"]
[WhiteElo "1370"]
[BlackElo "1606"]
[PlyCount "57"]
[EventDate "2023.05.27"]
[EventType "swiss"]
[EventRounds "9"]
[EventCountry "GER"]
[SourceTitle "CBM 214 Extra"]
[Source "ChessBase"]
[SourceDate "2023.07.31"]
[SourceVersion "1"]
[SourceVersionDate "2023.07.31"]
[SourceQuality "1"]

1. c4 Nf6 2. Nc3 d5 3. e3 dxc4 4. Bxc4 e6 5. Nf3 a6 6. 0-0 b5 7. Be2 Bb7 8. b3 c5 9. Bb2 Nc6 10. Rc1 Be7 11. Qc2 0-0 12. Ne4 Nd7 13. Rfd1 Nb4 14. Qb1 Nxa2 15. Qxa2 Bxe4 16. d4 Qe8 17. dxc5 Nxc5 18. Bd4 Nd7 19. Rc7 Nf6 20. Bxf6 Bxf6 21. Rdd7 Bc6 22. Rd6 Bxf3 23. Bxf3 Be5 24. Bxa8 Qxa8 25. Rxa6 Qd5 26. Rc1 Rd8 27. g3 Qf3 28. Qc2 Qb7 29. Rc6 1-0